Statistics for fa cup englishmen

Click here to take the quiz!

General Stats

  • This quiz has been taken 43 times
  • The average score is 9 of 20

Answer Stats

Hint Answer % Correct
2006 LiverpoolSteven Gerrard
91%
2001 LiverpoolMichael Owen
76%
2009 ChelseaFrank Lampard
76%
1999 Man UtdPaul Scholes
70%
1993 ArsenalIan Wright
67%
2013 WiganBen Watson
52%
2002 ArsenalRay Parlour
52%
2006 West HamPaul Konchesky
48%
2015 ArsenalTheo Walcott
48%
2016 Man UtdJesse Lingard
48%
1995 EvertonPaul Rideout
39%
2012 LiverpoolAndy Carroll
39%
2006 West HamDean Ashton
39%
2016 C PalaceJason Puncheon
33%
2006 West Ham (own goal)Jamie Carragher
30%
1993 Sheff WedChris Waddle
27%
1993 ArsenalAndy Linighan
24%
1999 Man UtdTeddy Sherringham
21%
2014 HullJames Chester
18%
2014 HullCurtis Davies
15%

Score Distribution

Percentile by Number Answered

Percent of People with Each Score

Your Score History

You have not taken this quiz